[Event "Oz.com qualifier blitz"]
[Site "Internet ICC"]
[Date "2000.03.05"]
[Round "3"]
[White "Del Mundo,A"]
[Black "Filgueira,H"]
[Result "1-0"]
[WhiteElo "2161"]
[BlackElo "2395"]

1.e4 c5 2.Nf3 e6 3.d4 cxd4 4.Nxd4 Nc6 5.Nc3 a6 6.Be3 Nge7 7.Be2 Nxd4 8.Bxd4 Nc6
9.Be3 b5 10.O-O Be7 11.f4 O-O 12.Bf3 Bb7 13.Qe1 Qc7 14.Rd1 f6 15.g4 Na5 16.Kh1 Nc4
17.Bc1 Bc6 18.Ne2 e5 19.f5 Rad8 20.Nc3 Nb6 21.Qg3 b4 22.Ne2 Qb7 23.Qg2 h6
24.h4 d5 25.Ng3 dxe4 26.Bxe4 Bxe4 27.Qxe4 Qxe4+ 28.Nxe4 Rc8 29.Rf2 Rc4 30.Re2 Rfc8
31.c3 bxc3 32.bxc3 Na4 33.Rd7 R4c7 34.Rxc7 Rxc7 35.Bd2 Nc5 36.Kg2 Kf7 37.Kf3 Rd7
38.Be3 Nxe4 39.Kxe4 Rd1 40.Rd2 Ra1 41.Kd5 Rb1 42.c4 Rb8 43.c5 Rc8 44.c6 Rd8+
45.Kc4 Rc8 46.Kd5 Rd8+ 47.Ke4 Rc8 48.Rc2 a5 49.Bb6 a4 50.c7 Ke8 51.Rd2 Ra8
52.Kd5  1-0

[Event "Oz.com qualifier blitz"]
[Site "Internet ICC"]
[Date "2000.03.05"]
[Round "4"]
[White "Yu Shaoteng"]
[Black "Bjarnason,S"]
[Result "1-0"]
[WhiteElo "2535"]
[BlackElo "2305"]

1.e4 c5 2.Nf3 e6 3.d4 cxd4 4.Nxd4 Nc6 5.Nc3 Qc7 6.Be2 a6 7.O-O Nf6 8.Kh1 Be7
9.f4 d6 10.Be3 Bd7 11.Nb3 b5 12.Bf3 Rc8 13.a4 b4 14.Ne2 Na5 15.Nxa5 Qxa5
16.Nd4 O-O 17.Qd2 e5 18.Nb3 Qc7 19.Qxb4 Qxc2 20.fxe5 Rb8 21.Nd4 Rxb4 22.Nxc2 Rxb2
23.exf6 Bxf6 24.Nd4 Rfb8 25.a5 R2b4 26.Rad1 Ba4 27.Rd2 Rb1 28.Kg1 R1b7 29.e5 dxe5
30.Bxb7 exd4 31.Bxd4 Rxb7 32.Bxf6 gxf6 33.Rxf6 Bb5 34.Kf2 Kg7 35.Rb6 Rc7
36.Ra2 Rc5 37.Ke3 h6 38.Kd4 Rf5 39.Ke4 Rg5 40.h4 Rg4+ 41.Kf3 Rxh4 42.Rxb5 axb5
43.a6 b4 44.Ra4 Rc4 45.a7  1-0

[Event "Oz.com qualifier blitz"]
[Site "Internet ICC"]
[Date "2000.03.05"]
[Round "4"]
[White "Svidler,P"]
[Black "Rechlis,G"]
[Result "1/2-1/2"]
[WhiteElo "2672"]
[BlackElo "2507"]

1.e4 c5 2.Nf3 e6 3.d4 cxd4 4.Nxd4 Nc6 5.Nc3 Qc7 6.g3 a6 7.Bg2 Nf6 8.O-O Bc5
9.Nxc6 dxc6 10.Na4 Ba7 11.c4 Nd7 12.Qg4 O-O 13.Bf4 Qa5 14.b3 Nf6 15.Qe2 e5
16.Bd2 Qc7 17.c5 Bg4 18.Qc4 Rad8 19.Be3 Be6 20.Qc2 h6 21.Rad1 Ng4 22.Bc1 Rxd1
23.Rxd1 Rd8 24.h3 Nf6 25.Be3 Rxd1+ 26.Qxd1 Qd7 27.Qxd7 Nxd7 28.Kf1 Kf8 29.Ke2 Ke7
30.Kd3 f6 31.Kc3 Bb8 32.a3 Bc7 33.Nb2 Nf8 34.Nc4 g5 35.b4 h5 36.Bd2 Bf7 37.Ne3 Bg6
38.Nf5+ Ke6 39.Bf1 Kd7 40.Be3 Ne6 41.Be2 Bd8 42.a4 Be7 43.f3 Bf8 44.Bd1 a5
45.bxa5 Bxc5 46.Bxc5 Nxc5 47.h4 Ne6 48.Ne3 Nd4 49.Nc4 Bf7 50.hxg5 Bxc4 51.Kxc4 fxg5
52.f4 gxf4 53.gxf4 h4 54.fxe5 Ne6 55.Bg4 Ke7 56.Kd3 h3 57.Bxh3 Nf4+ 58.Kd4 Nxh3
59.Kc5 Nf4 60.Kb6 c5 61.Kxc5 Kd7 62.Kb6 Kc8 63.a6 bxa6 64.Kxa6 Nd3  1/2-1/2

[Event "Oz.com qualifier blitz"]
[Site "Internet ICC"]
[Date "2000.03.05"]
[Round "4"]
[White "Arizmendi Martinez,J"]
[Black "Sawatzki,F"]
[Result "1-0"]
[WhiteElo "2445"]
[BlackElo "2270"]

1.e4 c5 2.Nf3 Nc6 3.Nc3 e6 4.d4 cxd4 5.Nxd4 Nf6 6.Be2 Bb4 7.O-O Bxc3 8.bxc3 Nxe4
9.Qd3 Nc5 10.Qe3 d6 11.Rd1 Nxd4 12.cxd4 Nd7 13.Qg3 O-O 14.Qxd6 Nf6 15.Qg3 Bd7
16.Bh6 Ne8 17.c4 Rc8 18.d5 exd5 19.cxd5 Kh8 20.Bg5 Nf6 21.Qh4 Qb6 22.Bd3 h6
23.Bxh6 gxh6 24.Qxh6+ Kg8 25.Qg5+ Kh8 26.d6 Ng8 27.Qe5+ f6 28.Qh5+ Kg7 29.Qh7+  1-0

[Event "Oz.com qualifier blitz"]
[Site "Internet ICC"]
[Date "2000.03.05"]
[Round "7"]
[White "Grischuk,A"]
[Black "Kogan,A"]
[Result "0-1"]
[WhiteElo "2581"]
[BlackElo "2483"]

1.e4 c5 2.Nf3 e6 3.d4 cxd4 4.Nxd4 Nc6 5.Nc3 Qc7 6.g3 a6 7.Bg2 Bc5 8.Nb3 Be7
9.O-O Nf6 10.f4 d6 11.Be3 b5 12.a3 Bb7 13.Kh1 h5 14.h3 Rc8 15.Qe2 Na5 16.Nxa5 Qxa5
17.Rad1 Rxc3 18.bxc3 Nxe4 19.Qe1 h4 20.Kg1 hxg3 21.Bd4 f5 22.Bxe4 Bxe4 23.Qxg3 Qa4
24.Rd2 Qc4 25.Rh2 Rg8 26.Qg6+ Kd7 27.h4 Bb7 28.h5 Qc8 29.Bxg7 Qc5+ 30.Rff2 Qe3
31.h6 Qe1+ 32.Rf1 Qe3+ 33.Rff2 Qe1+ 34.Rf1 Qe3+ 35.Rhf2 Qh3 36.Re2 Qh1+ 37.Kf2 Bh4+
38.Ke3 Qxf1 39.Qf7+ Kc6 40.c4 Qc1+ 41.Kd3 Qd1+ 42.Kc3 Qxe2 43.Qxg8 e5 44.cxb5+ axb5
45.Qe8+ Kb6 46.h7 Qe3+ 47.Kb2 Qd4+ 48.Kb1 Qd1+ 49.Kb2 Qd4+ 50.Kc1 Qa1+ 51.Kd2 Qe1+
52.Kd3 Be4+  0-1

[Event "Oz.com qualifier blitz"]
[Site "Internet ICC"]
[Date "2000.03.05"]
[Round "7"]
[White "Hernandez,Gi"]
[Black "Halkias,S"]
[Result "1/2-1/2"]
[WhiteElo "2560"]
[BlackElo "2482"]

1.e4 c5 2.Nc3 Nc6 3.Nge2 e6 4.d4 cxd4 5.Nxd4 Qc7 6.g3 a6 7.Bg2 Nf6 8.O-O Bc5
9.Nxc6 dxc6 10.Na4 Be7 11.e5 Nd7 12.f4 b5 13.Nc3 Bb7 14.Be3 O-O 15.Qf3 Rab8
16.Rad1 c5 17.Qf2 c4 18.Rd2 Nc5 19.Bxb7 Rxb7 20.Qg2 b4 21.Ne4 Nxe4 22.Qxe4 c3
23.bxc3 bxc3 24.Rd3 Rb2 25.Rfd1 Qa5 26.Rd7 Bc5 27.Bxc5 Qxc5+ 28.Kg2 Rxa2
29.Rd8 g6 30.R1d6 Rxd8 31.Rxd8+ Kg7 32.Kh3 Rb2 33.Qa8 Rxc2 34.Rg8+ Kh6 35.Qd8 Rxh2+
36.Kxh2 Qf2+ 37.Kh3 Qf1+ 38.Kh2 Qf2+ 39.Kh3 Qf1+  1/2-1/2

[Event "FSIMA March"]
[Site "Budapest HUN"]
[Date "2000.03.08"]
[Round "3"]
[White "Lakos,N"]
[Black "Yu Mingyuan"]
[Result "1-0"]
[WhiteElo "2316"]
[BlackElo "2419"]

1.e4 c5 2.Nf3 e6 3.d4 cxd4 4.Nxd4 Nc6 5.Nc3 Qc7 6.Be2 a6 7.O-O Nf6 8.Be3 Bb4
9.Na4 b5 10.Nxc6 dxc6 11.Nb6 Rb8 12.Nxc8 Rxc8 13.c4 Bd6 14.cxb5 axb5 15.Rc1 Nxe4
16.Bf3 f5 17.Bxe4 fxe4 18.Qg4 O-O 19.g3 Qe7 20.Qxe4 c5 21.Rcd1 h6 22.Qd3 Rfd8
23.Qxb5 c4 24.Rfe1 Rd7 25.Bf4 Rc5 26.Qa4 e5 27.Bxe5  1-0

[Event "Sufe Cup"]
[Site "Shanghai CHN"]
[Date "2000.03.13"]
[Round "11"]
[White "Peng Xiaomin"]
[Black "Filippov,V"]
[Result "1/2-1/2"]
[WhiteElo "2624"]
[BlackElo "2584"]

1.e4 c5 2.Nf3 e6 3.Nc3 Nc6 4.d4 cxd4 5.Nxd4 Nf6 6.g3 d5 7.exd5 Nxd5 8.Bg2 Nxc3
9.bxc3 Nxd4 10.Qxd4 Be7 11.Qxd8+ Kxd8 12.Bf4 f6 13.Rd1+ Ke8 14.Bc7 a5 15.O-O a4
16.Rb1 Kf7 17.Rfd1 a3 18.Rb3 e5 19.Bxb7 Ra7 20.Bd5+ Be6 21.Bxe6+ Kxe6 22.Rb6+ Kf5
23.Bb8 Ra8 24.Bd6 Rhd8 25.Rd3 Bxd6 26.Rdxd6 Rxd6 27.Rxd6 Rc8 28.Rd3 e4 29.Re3 Ke5
30.c4 Rxc4 31.Rxa3 Rxc2 32.h4 g6 33.Ra5+ Kd4 34.Ra7 Kd3 35.Rxh7 Rxa2 36.Rh6 Ke2
37.Rxg6 Ra1+ 38.Kg2 Rf1 39.Rxf6 e3 40.Re6 Rxf2+ 41.Kh3 Rf3 42.Kg2 Rf2+ 43.Kh3  1/2-1/2

[Event "16th Spring Festival"]
[Site "Budapest HUN"]
[Date "2000.03.17"]
[Round "1"]
[White "Toth,Sz"]
[Black "Erdelyi,Z"]
[Result "0-1"]
[WhiteElo "2132"]
[BlackElo "2146"]

1.e4 c5 2.Nf3 e6 3.d4 cxd4 4.Nxd4 Nc6 5.Nc3 Qc7 6.g3 a6 7.Bg2 Nf6 8.O-O Bc5
9.Be3 Ne5 10.Nce2 d6 11.h3 O-O 12.c3 h6 13.Qc2 b5 14.f4 Nc4 15.Bf2 Bb7 16.Rae1 d5
17.e5 Ne4 18.Rd1 Rac8 19.b3 Na3 20.Qb2 Nxf2 21.Kxf2 a5 22.Kg1 b4 23.cxb4 axb4
24.Rc1 Qb6 25.Kh1 Ba6 26.Rfe1 Bxe2 27.Nxe2 Be3 28.Rxc8 Rxc8 29.Nc1 Rc2 30.Qa1 Bd4  0-1

[Event "Amber Rapidplay"]
[Site "Monaco MNC"]
[Date "2000.03.17"]
[Round "2"]
[White "Shirov,A"]
[Black "Ljubojevic,L"]
[Result "1-0"]
[WhiteElo "2751"]
[BlackElo "2559"]

1.e4 c5 2.Nf3 e6 3.d4 cxd4 4.Nxd4 Nc6 5.Nc3 a6 6.Be2 Nf6 7.Nxc6 bxc6 8.e5 Nd5
9.Ne4 Qc7 10.Nd6+ Bxd6 11.exd6 Qb6 12.c4 Nf6 13.O-O O-O 14.Be3 Qxb2 15.Bd4 Qa3
16.Bxf6 gxf6 17.Qd4 Rb8 18.Rac1 e5 19.Qg4+ Kh8 20.Qf5 Kg7 21.Rcd1 e4 22.Qg4+ Kh8
23.Qxe4  1-0

[Event "Israeli League"]
[Site "Ramat Aviv ISR"]
[Date "2000.03.17"]
[Round "6"]
[White "Kogan,A"]
[Black "Rechlis,G"]
[Result "1-0"]
[WhiteElo "2483"]
[BlackElo "2507"]

1.e4 c5 2.Nc3 Nc6 3.Nf3 e6 4.d4 cxd4 5.Nxd4 Qc7 6.f4 Nxd4 7.Qxd4 a6 8.Be3 b5
9.Be2 Bb7 10.O-O-O Rc8 11.Rd2 Nf6 12.Bf3 Be7 13.g4 d5 14.exd5 b4 15.Na4 Bxd5
16.Bxd5 Nxd5 17.Nb6 Nxb6 18.Qxb6 h5 19.g5 O-O 20.Qxc7 Rxc7 21.Bd4 Rfc8 22.Re1 Rc6
23.Kd1 Kh7 24.c3 bxc3 25.Bxc3 Rc4 26.g6+ fxg6 27.Rxe6 Bf8 28.Rg2 Rxf4 29.Rexg6 Rf1+
30.Ke2 Rf5 31.Rxa6 Re8+ 32.Kd2 g5 33.a4 g4 34.Rb6  1-0

[Event "NED-chT"]
[Site "Leeuwarden NED"]
[Date "2000.03.18"]
[Round "5"]
[White "Schwartz,AJ"]
[Black "Langeweg,K"]
[Result "0-1"]
[WhiteElo "2234"]
[BlackElo "2290"]

1.e4 c5 2.Nf3 e6 3.d4 cxd4 4.Nxd4 Nc6 5.Nc3 Qc7 6.Be2 a6 7.O-O b5 8.Be3 Bb7
9.a3 Na5 10.f4 Nc4 11.Bxc4 Qxc4 12.f5 e5 13.Nb3 Qc7 14.Qf3 Nf6 15.Rad1 b4
16.axb4 Bxb4 17.Bg5 Bxc3 18.Bxf6 gxf6 19.bxc3 a5 20.Qe3 a4 21.Nc5 Bc6 22.Kh1 Qa7
23.Rfe1 Ke7 24.Nd3 Qxe3 25.Rxe3 Ra7 26.Nb4 Ba8 27.Ra1 Rc8 28.Kg1 Rc4 29.Nd5+ Bxd5
30.exd5 Ra5 31.Rh3 Rxd5 32.Rxh7 Rxc3 33.Rxa4 Rd1+ 34.Kf2 Rxc2+ 35.Kf3 Rd3+
36.Ke4 Rdd2 37.g4 Rxh2 38.Rxh2 Rxh2 39.Ra7 Rf2 40.g5 Rf4+ 41.Kd5 Rd4+  0-1

[Event "NED-chT"]
[Site "Leeuwarden NED"]
[Date "2000.03.18"]
[Round "5"]
[White "Van den Doel,E"]
[Black "Hendriks,W"]
[Result "1-0"]
[WhiteElo "2522"]
[BlackElo "2373"]

1.e4 c5 2.Nf3 Nc6 3.d4 cxd4 4.Nxd4 e6 5.Nc3 Qc7 6.Be2 a6 7.O-O Nf6 8.Kh1 Nxd4
9.Qxd4 Bc5 10.Qd3 b5 11.f4 Bb7 12.Bf3 O-O 13.e5 Ne8 14.Bxb7 Qxb7 15.f5 f6
16.Bf4 Qc6 17.Rad1 exf5 18.Qxd7 Qxd7 19.Rxd7 fxe5 20.Bxe5 Ra7 21.Rd5 Be7
22.Bd4 Rc7 23.Rdxf5 Rxf5 24.Rxf5 Nf6 25.Rf2 Rc4 26.Bxf6 Bxf6 27.Nd5 Bd8 28.c3 Re4
29.g3 Re5 30.Nb4 Re6 31.Kg2 Rd6 32.Kf3 a5 33.Nc2 Bb6 34.Re2 Kf7 35.Ke4 Rd1
36.Na3 b4 37.Nc4 Bc7 38.cxb4 axb4 39.Rd2 Rc1 40.Rd7+  1-0

[Event "AB Puchko Mem"]
[Site "Alushta UKR"]
[Date "2000.03.20"]
[Round "2"]
[White "Salinnikov,D"]
[Black "Alexandrova,O"]
[Result "1-0"]
[WhiteElo "2403"]
[BlackElo "2400"]

1.e4 c5 2.Nf3 e6 3.Nc3 Nc6 4.d4 cxd4 5.Nxd4 Qc7 6.g3 a6 7.Bg2 Nf6 8.O-O Bc5
9.Be3 Ne5 10.a4 Nc4 11.Bc1 O-O 12.b3 Ne5 13.Bb2 b6 14.h3 Bb7 15.Re1 Rad8
16.Kh2 d6 17.f4 Ng6 18.f5 exf5 19.Nxf5 Ne5 20.Rf1 g6 21.Qc1 Kh8 22.Qg5 Ne8
23.Ne7 f6 24.Ncd5 Bxd5 25.Nxd5 Qg7 26.Qd2 b5 27.axb5 axb5 28.Ra5 Qb7 29.Rfa1 Ng7
30.Rf1 Ne8 31.Nxf6 Nxf6 32.Rxf6 Kg7 33.Rxf8 Rxf8 34.Qd5 Qxd5 35.exd5 Rf2
36.Rxb5 Rxc2 37.Bxe5+ dxe5 38.b4 Be7 39.Rb7 Kf6 40.Rb6+ Kf5 41.d6 Bg5 42.b5 Ke6
43.Ra6 e4 44.h4 Bh6 45.Kh3 e3 46.Bf3 e2 47.Bg4+ Kf7 48.Ra7+ Kf6 49.d7 Ke7
50.Ra8 Rd2 51.Re8+ Kf7 52.Rxe2 Rd3 53.Re8 Bf4 54.d8=Q Rxg3+ 55.Kh2 Re3+ 56.Kg2 Rxe8
57.Qd5+ Kf6 58.Qf3 g5 59.Qc6+ Ke7 60.Qd7+ Kf8 61.Bh5  1-0

[Event "AB Puchko Mem"]
[Site "Alushta UKR"]
[Date "2000.03.24"]
[Round "6"]
[White "Shengelia,D"]
[Black "Alexandrova,O"]
[Result "1/2-1/2"]
[WhiteElo "2387"]
[BlackElo "2400"]

1.e4 c5 2.Nf3 e6 3.d4 cxd4 4.Nxd4 Nc6 5.Nc3 Qc7 6.Be3 Nf6 7.Bd3 Be7 8.O-O O-O
9.Kh1 a6 10.f4 d6 11.Qf3 Bd7 12.Rae1 b5 13.a3 Rac8 14.Nxc6 Bxc6 15.Qh3 e5
16.fxe5 dxe5 17.Bg5 Qd6 18.Nd5 Bxd5 19.exd5 g6 20.Qh4 Nxd5 21.Bxe7 Nxe7 22.Rf6 Qc5
23.b4 Qc3 24.Rf3 Qc7 25.Rh3 h5 26.Rg3 Kg7 27.Qe4 Nc6 28.Rxg6+ fxg6 29.Qxg6+ Kh8
30.Qxh5+ Kg8 31.Qg6+ Qg7 32.Qe6+ Qf7 33.Qg4+ Qg7 34.Qe6+  1/2-1/2

[Event "Amber Rapidplay"]
[Site "Monaco MNC"]
[Date "2000.03.24"]
[Round "8"]
[White "Ivanchuk,V"]
[Black "Lautier,J"]
[Result "1-0"]
[WhiteElo "2709"]
[BlackElo "2632"]

1.e4 c5 2.Nf3 Nc6 3.Nc3 e6 4.d4 cxd4 5.Nxd4 Qc7 6.Be2 a6 7.O-O Nf6 8.Be3 Bb4
9.Na4 Be7 10.Nxc6 bxc6 11.Nb6 Rb8 12.Nxc8 Qxc8 13.Bd4 O-O 14.e5 Nd5 15.b3 Nf4
16.Bc4 c5 17.Be3 Ng6 18.f4 Rb6 19.Qe2 d5 20.exd6 Rxd6 21.Qf2 Rfd8 22.Rae1 Qc6
23.Be2 R6d7 24.f5 exf5 25.Qxf5 Kh8 26.Bd3 Bf8 27.Bg5 Rb8 28.h4 f6 29.Re6 Qd5
30.h5 Qxf5 31.Bxf5 fxg5 32.hxg6 hxg6 33.Rxg6 Rd6 34.Rxg5 Rh6 35.Bd3 Be7 36.Rd5 Bf6
37.g3 a5 38.Kg2 Bd4 39.g4 Re8 40.g5 Rh4 41.Kg3  1-0

[Event "ch-ISL (team)"]
[Site "Reykjavik ISL"]
[Date "2000.03.24"]
[Round "?"]
[White "Jonsson,JG"]
[Black "Steindorsson,S"]
[Result "1-0"]
[WhiteElo "2315"]
[BlackElo "2056"]

1.e4 c5 2.Nf3 e6 3.d4 cxd4 4.Nxd4 Nc6 5.Nc3 Qc7 6.Be2 a6 7.O-O Nf6 8.Be3 Bb4
9.Na4 b5 10.Nxc6 Qxc6 11.Nb6 Rb8 12.e5 Rxb6 13.Bxb6 Nd5 14.Bd4 g5 15.Bf3 g4
16.Be4 h5 17.c3 Be7 18.f4 Bb7 19.Qd2 h4 20.f5 h3 21.g3 Rh5 22.fxe6 dxe6 23.Qe2 Rg5
24.Rf4 Bc5 25.Qf2 Rxe5 26.Bxc5 Rxe4 27.Rxe4 Nxc3 28.Rf1 f5 29.Rxe6+ Qxe6
30.bxc3 Qd5 31.Qe3+ Kd7 32.Qd4  1-0

[Event "It"]
[Site "Tel Aviv ISR"]
[Date "2000.03.25"]
[Round "5"]
[White "De Vreugt,D"]
[Black "Botvinnik,M2"]
[Result "1/2-1/2"]
[WhiteElo "2498"]
[BlackElo "2274"]

1.e4 c5 2.Nf3 e6 3.d4 cxd4 4.Nxd4 Nc6 5.Nc3 Qc7 6.f4 a6 7.Nxc6 Qxc6 8.Bd3 b5
9.Qe2 Bb7 10.Bd2 Be7 11.a3 Qc7 12.O-O-O Nf6 13.g4 d5 14.g5 Nxe4 15.Nxe4 dxe4
16.Bxe4 O-O 17.Rhe1 Bxe4 18.Qxe4 Rac8 19.Bc3 Rfd8 20.Be5 Bd6 21.Bxd6 Rxd6
22.Rxd6 Qxd6 23.h4 Rd8 24.Kb1 Qd4 25.c3 Qxe4+ 26.Rxe4 h6 27.a4 Kh7 28.c4 Kg6
29.cxb5 axb5 30.axb5 Kh5 31.gxh6 gxh6 32.f5 exf5 33.Rb4 Rb8 34.Kc2 f4 35.Rxf4 Rxb5
36.b4 f5 37.Kc3 Kg6 38.Kc4 Rb8 39.Kd5 Kf6 40.Kd6 Rb6+ 41.Kc7 Rb5 42.Kc6 Rb8
43.b5 Ke5 44.Rf1 f4 45.b6 Ke4 46.Kc7 Rf8 47.b7 f3 48.b8=Q Rxb8 49.Kxb8 Ke3
50.Kc7 f2 51.Kd6 Ke2 52.Ra1 f1=Q 53.Rxf1 Kxf1 54.Ke5 Kf2 55.Kf5 Ke3 56.Kg6 Ke4
57.h5 Ke5 58.Kxh6  1/2-1/2

[Event "Bundesliga 1999-2000"]
[Site "Dresden GER"]
[Date "2000.03.26"]
[Round "13"]
[White "Mueller,Ka"]
[Black "Bischoff,K"]
[Result "1-0"]
[WhiteElo "2527"]
[BlackElo "2544"]

1.e4 c5 2.Nf3 Nc6 3.d4 cxd4 4.Nxd4 e6 5.Nc3 d6 6.Bc4 a6 7.Be3 Nge7 8.O-O b5
9.Bb3 Nxd4 10.Bxd4 Nc6 11.f4 Nxd4 12.Qxd4 Qc7 13.Kh1 Qc5 14.Qd3 Be7 15.f5 Qe5
16.fxe6 fxe6 17.Ne2 Ra7 18.Nd4 Rc7 19.c3 Bf6 20.Rad1 Ke7 21.Rfe1 g6 22.Qh3 h5
23.Qd3 Bd7 24.Nf3 Qc5 25.e5 dxe5 26.Qxg6 Be8 27.Qg3 h4 28.Qh3 Rc6 29.Qg4 h3
30.gxh3 a5 31.Qg3 Rd6 32.Rxd6 Qxd6 33.Nxe5 Bxe5 34.Rxe5 Bc6+ 35.Kg1 Rg8 36.Rg5 Qxg3+
37.Rxg3 Rd8 38.Re3 Rd6 39.Kf2 Kf6 40.Ke2 e5 41.Rd3 Rxd3 42.Kxd3 Kg5 43.Ke3  1-0

[Event "AB Puchko Mem"]
[Site "Alushta UKR"]
[Date "2000.03.30"]
[Round "12"]
[White "Kozakov,M"]
[Black "Alexandrova,O"]
[Result "1/2-1/2"]
[WhiteElo "2426"]
[BlackElo "2400"]

1.e4 c5 2.Nf3 e6 3.d4 cxd4 4.Nxd4 Nc6 5.Nc3 Qc7 6.g3 a6 7.Bg2 Nf6 8.O-O Bc5
9.Bf4 e5 10.Nb3 Be7 11.Bg5 d6 12.Bxf6 Bxf6 13.Nd5 Qd8 14.Qd3 Bg4 15.h3 Be6
16.Nxf6+ gxf6 17.Rfd1 Ke7 18.Rd2 Qc7 19.Rad1 Rad8 20.Nc1 Nb4 21.Qe2 Qc4 22.a3 Qxe2
23.Nxe2 Nc6 24.f4 Rhg8 25.Kh2 f5 26.exf5 Bxf5 27.g4 Be6 28.f5 Bc4 29.Nc3 f6
30.Ne4 d5 31.Nc5 Nd4 32.b3 Rc8 33.bxc4 Rxc5 34.c3 Nb3 35.Rxd5 Rc7 36.Rb1 Nc5
37.Rb6 Rgc8 38.g5 Rc6 39.gxf6+ Kf7 40.Rxc6 Rxc6 41.Rxe5 Rc7 42.Rd5 Kxf6 43.Bf1 Ne4
44.Bd3 Nd2 45.Kg3 Nxc4 46.Kf4 Nxa3 47.Rd6+ Kf7 48.Be2 Nb5 49.Bh5+ Kf8 50.Re6 Re7
51.Rf6+ Kg8 52.c4 Nd4 53.Rd6 Nc6 54.f6 Re1 55.Rd7 Rf1+ 56.Kg5 h6+ 57.Kxh6 Rxf6+
58.Kg5 Rf1 59.Rxb7 Ne5 60.c5 Rc1 61.Rc7 a5 62.Kf5 Nd3 63.c6 Rc5+ 64.Ke4 Nf2+
65.Kf3 Rxh5 66.Rd7  1/2-1/2

[Event "21st Open A"]
[Site "Bled SLO"]
[Date "2000.04.01"]
[Round "8"]
[White "Rudolf,Hen"]
[Black "Susnik,M"]
[Result "1-0"]
[WhiteElo "2308"]
[BlackElo "2227"]

1.e4 c5 2.Nf3 e6 3.d4 cxd4 4.Nxd4 Nc6 5.Nc3 Qc7 6.Be2 a6 7.O-O Nf6 8.Be3 d6
9.f4 Be7 10.a4 O-O 11.Kh1 Re8 12.Bf3 Rb8 13.g4 Nxd4 14.Bxd4 b6 15.g5 Nd7
16.Bg2 Bb7 17.Qh5 g6 18.Qh3 Bf8 19.f5 Ne5 20.Rf4 b5 21.Raf1 b4 22.Nd1 exf5
23.Ne3 Ng4 24.Nxg4 fxg4 25.Rxg4 Bg7 26.Bxg7 Kxg7 27.Qh6+ Kg8 28.Rh4 f6 29.gxf6 Qf7
30.Qd2 Re6 31.Rhf4 a5 32.h4 Rbe8 33.Qd4 Rc8 34.Bh3 Rxc2 35.Bxe6  1-0

[Event "55th ch-YUG"]
[Site "Subotica YUG"]
[Date "2000.04.01"]
[Round "14"]
[White "Sedlak,N"]
[Black "Todorovic,GM"]
[Result "1-0"]
[WhiteElo "2323"]
[BlackElo "2426"]

1.e4 c5 2.Nf3 e6 3.d4 cxd4 4.Nxd4 Nc6 5.Nc3 Nf6 6.Ndb5 d6 7.Bf4 e5 8.Bg5 a6
9.Na3 b5 10.Nd5 Be7 11.Bxf6 Bxf6 12.c3 Bg5 13.Nc2 O-O 14.a4 bxa4 15.Rxa4 Rb8
16.b4 a5 17.Be2 Be6 18.O-O axb4 19.Ncxb4 Nxb4 20.Rxb4 Rc8 21.Bc4 Kh8 22.Qb3 f5
23.exf5 Rxf5 24.Nb6 Bxc4 25.Rxc4 Rxc4 26.Qxc4 Rf8 27.Nd5 Qc8 28.Qe4 Qc5 29.g3 Bd2
30.c4 Ba5 31.Kg2 Bb6 32.Qe3 Qxd5+ 33.cxd5 Bxe3 34.fxe3 Rxf1 35.Kxf1 e4 36.Ke2 g6
37.Kd2 Kg7 38.Kc3 Kf6 39.Kd4 Kf7 40.Kxe4 Kf6 41.Kd4 Ke7 42.e4 Kf6 43.e5+  1-0

[Event "Chalapathi GM"]
[Site "Guntur, AP IND"]
[Date "2000.04.05"]
[Round "3"]
[White "Thipsay,P"]
[Black "Fominyh,A"]
[Result "0-1"]
[WhiteElo "2475"]
[BlackElo "2551"]

1.e4 c5 2.Nf3 Nc6 3.d4 cxd4 4.Nxd4 e6 5.Nc3 Qc7 6.Be2 a6 7.Be3 b5 8.Nxc6 Qxc6
9.O-O Bb7 10.Bf3 Rc8 11.e5 Qc7 12.Bxb7 Qxb7 13.Qd3 Ne7 14.Rad1 Nf5 15.Rfe1 Be7
16.Ne4 h6 17.Bf4 Qc6 18.c3 Rd8 19.g4 Nh4 20.Bg3 O-O 21.Bxh4 Bxh4 22.Qd6 Qa8
23.Rd3 Rc8 24.Rh3 Rc6 25.Qd3 Qd8 26.b3 Rc7 27.Ree3 f5 28.exf6 Bxf6 29.Nxf6+ Qxf6
30.Ref3 Qe5 31.Rxf8+ Kxf8 32.Re3 Qc5 33.Qg6 Kg8 34.Rf3 Qe7 35.h4 Rc8 36.g5 hxg5
37.Qxg5 Qxg5+ 38.hxg5 Rc5 39.Rg3 Kf7 40.f4 Rd5 41.Re3 Rd1+ 42.Kf2 Rd2+ 43.Kf3 Rxa2
44.Rd3 Ke7 45.b4 a5 46.bxa5 Rxa5 47.Kg4 Ra4 48.Rd1 g6 49.Re1 Rc4 50.Re3 d5
51.Kf3 Kd6 52.Kg3 Re4 53.Rd3 Kc5  0-1

[Event "Chalapathi GM"]
[Site "Guntur, AP IND"]
[Date "2000.04.06"]
[Round "4"]
[White "Yurtaev,L"]
[Black "Rahman,Zia"]
[Result "1/2-1/2"]
[WhiteElo "2536"]
[BlackElo "2465"]

1.e4 c5 2.Nf3 Nc6 3.Nc3 e6 4.d4 cxd4 5.Nxd4 Qc7 6.Be2 a6 7.O-O Nf6 8.a3 Nxd4
9.Qxd4 Bd6 10.g3 Be5 11.Qe3 b5 12.Bd2 Bb7 13.Bf3 h5 14.h3 g5 15.Qxg5 Rg8
16.Qh4 O-O-O 17.a4 b4 18.Ne2 Qc4 19.b3 Qc6 20.Rae1 Nxe4 21.Nd4 Bxd4 22.Rxe4 e5
23.Rf4 Rxg3+ 24.Qxg3 exf4 25.Bxc6 fxg3 26.Bxb7+ Kxb7 27.Be3 gxf2+ 28.Kxf2 Be5
29.Ke2 f6 30.Rf5 Rh8 31.Bd2 a5 32.Kd3 Kc6 33.c3 Kd5 34.cxb4 axb4 35.a5 Ke6
36.Rf2 Ra8 37.Bxb4 Rb8 38.Be1 Rxb3+ 39.Kc4 Rxh3 40.Ra2 Bb8 41.Re2+ Be5 42.a6 Ra3
43.Kb5 Kf5 44.Ba5 Rb3+ 45.Kc5 Rb8 46.Rd2 h4 47.a7 Ra8 48.Kb6 h3 49.Kb7 h2
50.Rd1 Bd4 51.Rf1+ Kg4 52.Kxa8 Bg1 53.Kb8 h1=Q 54.Rxg1+  1/2-1/2

[Event "19th Open"]
[Site "Reykjavik ISL"]
[Date "2000.04.06"]
[Round "2"]
[White "Gunnarsson,J"]
[Black "Stefansson,H"]
[Result "0-1"]
[WhiteElo "2400"]
[BlackElo "2566"]

1.e4 c5 2.Nf3 Nc6 3.d4 cxd4 4.Nxd4 e6 5.Nc3 Qc7 6.g3 a6 7.Bg2 Nf6 8.O-O Be7
9.Be3 O-O 10.Nb3 d6 11.a4 b6 12.f4 Bb7 13.g4 Rfe8 14.g5 Nd7 15.Rf3 Nb4 16.Rh3 g6
17.Qd2 Bf8 18.Rd1 Rac8 19.Qf2 f5 20.gxf6 Nxf6 21.Bf3 d5 22.e5 Ne4 23.Bxe4 dxe4
24.Bxb6 e3 25.Qh4 Qf7 26.Rxe3 Nxc2 27.Red3 Nb4 28.Rd7 Re7 29.Rd8 Rxd8 30.Rxd8 Nc6
31.Rd3 Qf5 32.Nc5 Rf7 33.Rd1 g5 34.Qg3 Rg7 35.Nxb7 gxf4 36.Qxg7+ Bxg7 37.Rd6 Qg4+
38.Kf1  0-1

[Event "73rd City-ch"]
[Site "St Petersburg RUS"]
[Date "2000.04.06"]
[Round "4"]
[White "Yemelin,V"]
[Black "Shaposhnikov,E"]
[Result "1/2-1/2"]
[WhiteElo "2540"]
[BlackElo "2503"]

1.e4 c5 2.Nf3 e6 3.d4 cxd4 4.Nxd4 Nc6 5.Nc3 Qc7 6.Be2 a6 7.O-O Nf6 8.Be3 Bb4
9.Na4 Be7 10.Nxc6 bxc6 11.Nb6 Rb8 12.Nxc8 Qxc8 13.Bd4 c5 14.Be5 Rb6 15.b3 O-O
16.Bd3 d6 17.Bb2 d5 18.exd5 Nxd5 19.Qh5 h6 20.Rad1 Bf6 21.Bxf6 Nxf6 22.Qe5 Nd7
23.Qe4 Nf6 24.Qe5 Nd7 25.Qc3 Qc7 26.Rd2 Nf6 27.Rfd1 Rb4 28.a3 Rg4 29.Be2 Rg5
30.Bf3 e5 31.Qd3 Re8 32.Qxa6 e4 33.Be2 e3 34.fxe3 Qe5 35.Rd8 Qxe3+ 36.Kh1 Re5
37.Rxe8+ Rxe8 38.Bf3 Qf2 39.h3 Qxc2 40.Qc4 Qf2 41.a4 h5 42.Kh2 Re3 43.Rf1 Qb2
44.a5 Rxb3 45.Qxc5 Ra3 46.Bxh5 Qb8+ 47.Kh1 Nxh5 48.Qxh5 Qc7 49.Re1 Qd8 50.Qb5 Qxa5
51.Qb8+ Kh7 52.Re5 Ra1+ 53.Kh2 Qa7 54.Qxa7  1/2-1/2

[Event "Women's Open"]
[Site "St Petersburg RUS"]
[Date "2000.04.07"]
[Round "1"]
[White "Stjazhkina,O"]
[Black "Aseeva,M"]
[Result "1-0"]
[WhiteElo "2319"]
[BlackElo "2098"]

1.e4 c5 2.Nc3 e6 3.Nge2 Nc6 4.d4 cxd4 5.Nxd4 a6 6.Nxc6 bxc6 7.Bd3 d5 8.O-O Nf6
9.Bg5 Be7 10.e5 Nd7 11.Bxe7 Qxe7 12.f4 Rb8 13.Rb1 Nc5 14.Qg4 g6 15.Kh1 h5
16.Qf3 h4 17.h3 Nxd3 18.cxd3 c5 19.Nd1 Rb4 20.Ne3 Qb7 21.Qf2 Qb5 22.Ng4 Rd4
23.Rbc1 a5 24.Rc3 Ba6 25.Rfc1 Qa4 26.b3 Qb4 27.a3 Qb7 28.Rxc5 Rxd3 29.Rc8+ Qxc8
30.Rxc8+ Bxc8 31.Qc5 Rd1+ 32.Kh2  1-0

[Event "Chalapathi GM"]
[Site "Guntur, AP IND"]
[Date "2000.04.08"]
[Round "6"]
[White "Prasad,D"]
[Black "Sandipan,C"]
[Result "1/2-1/2"]
[WhiteElo "2421"]
[BlackElo "2424"]

1.e4 c5 2.Nf3 e6 3.d4 cxd4 4.Nxd4 Nc6 5.Nc3 Qc7 6.Be2 a6 7.O-O Nf6 8.Be3 Be7
9.f4 d6 10.a4 O-O 11.Kh1 Bd7 12.Nb3 b6 13.Bf3 Rfe8 14.Bg1 Rab8 15.Qe2 Bc8
16.h3 Nd7 17.Bh2 Nc5 18.Rad1 Bb7 19.Nd4 Rbd8 20.Qc4 Rc8 21.Nxc6 Bxc6 22.f5 Bd7
23.Bg4 e5 24.Bh5 Rf8 25.Bg1 b5 26.axb5 Bxb5 27.Nxb5 axb5 28.Qe2 Nd7 29.c3 Nf6
30.Bf3 Qb7 31.Ra1 Ra8 32.g4 Nd7 33.b4 Qc6 34.Qd3 Rfc8 35.Rxa8 Rxa8 36.Be2 Nf6
37.Qxb5 Qxc3 38.Rf3 Qc8 39.g5 Nxe4 40.g6 Ng5 41.Qd5 Ra1 42.h4 Nxf3 43.Qxf7+ Kh8
44.Bxf3 Bxh4 45.gxh7 Bg5 46.Bd5 Rxg1+ 47.Kxg1 Qc1+ 48.Kg2 Qd2+ 49.Kh3 Qe3+
50.Kg2 Qe2+ 51.Kh3 Qf1+ 52.Bg2 Qd3+ 53.Kg4 Qd4+ 54.Kxg5 Qf4+ 55.Kh5 Qh2+
56.Kg4 Qxg2+ 57.Kh4 Qh2+  1/2-1/2

[Event "Bundesliga 1999-2000"]
[Site "Porz GER"]
[Date "2000.04.08"]
[Round "14"]
[White "Hansen,SuB"]
[Black "Andersson,U"]
[Result "0-1"]
[WhiteElo "2551"]
[BlackElo "2625"]

1.e4 c5 2.Nf3 e6 3.d4 cxd4 4.Nxd4 Nc6 5.Nc3 a6 6.g4 Nge7 7.Be3 b5 8.Nb3 Na5
9.g5 Nec6 10.Bg2 Nc4 11.Bc1 Be7 12.h4 Bb7 13.Qe2 Rc8 14.O-O h6 15.gxh6 gxh6
16.a4 Qb6 17.axb5 axb5 18.Nd2 N6e5 19.Nxc4 Rxc4 20.Be3 Bc5 21.Bf4 d6 22.Kh1 Rg8
23.Bg3 Bd4 24.Nd1 Ng4 25.Ra3 Qc6 26.c3 Bc5 27.Ra1 Nf6 28.b3 Rxe4 29.Bxe4 Nxe4
30.Kh2 Nxc3  0-1

[Event "19th Open"]
[Site "Reykjavik ISL"]
[Date "2000.04.08"]
[Round "4"]
[White "DeFirmian,N"]
[Black "Stefansson,H"]
[Result "1/2-1/2"]
[WhiteElo "2570"]
[BlackElo "2566"]

1.e4 c5 2.Nf3 Nc6 3.d4 cxd4 4.Nxd4 e6 5.Nc3 Qc7 6.Be2 a6 7.O-O Nf6 8.Kh1 Be7
9.f4 d6 10.a4 O-O 11.Be3 Re8 12.Bf3 Bf8 13.Nb3 b6 14.a5 Nd7 15.axb6 Nxb6
16.Qe2 Rb8 17.Rfd1 Nb4 18.Na5 d5 19.Bxb6 Rxb6 20.exd5 Qxf4 21.Nc4 Rb8 22.d6 Rd8
23.Ne4 Nd5 24.g3 Qh6 25.c3 Rb5 26.Rd3 f5 27.Nf2 Qf6 28.Rd2 Bxd6 29.Nxd6 Rxd6
30.Rad1 Rb3 31.Bg2 a5 32.Qc4 Rb8 33.Qc5 Rd7 34.Qxa5 Bb7 35.Kg1 Ra8 36.Qb5 Rc7  1/2-1/2